Normal view
MARC view
- Keene, Carolyn
Entry Personal Name
001 - CONTROL NUMBER
- control field: 110166
003 - CONTROL NUMBER IDENTIFIER
- control field: NUST
005 - DATE AND TIME OF LATEST TRANSACTION
- control field: 20230313104740.0
008 - FIXED-LENGTH DATA ELEMENTS
- fixed length control field: 230313|| aca||aabn | a|a d
040 ## - CATALOGING SOURCE
- Original cataloging agency: NUST
- Transcribing agency: NUST
100 ## - HEADING--PERSONAL NAME
- Personal name: Keene, Carolyn
670 ## - SOURCE DATA FOUND
- Source citation: Work cat.: (NUST): Keene, Carolyn , Nancy Drew Mystery on Maui, 2002.
